000 00934nam a22002171 4500
001 gs 14000755
003 DLC
005 20260227111316.0
008 900621s1905 io bf b 00010 fre c
010 _ags 14000755 //r90
040 _aU.S. Geol. Survey Libr./ICU
_cICU
043 _aa-io---
050 0 0 _aQE301.A5
_bV4
100 1 0 _aVerbeek, R. D. M.
_q(Rogier Diederik Marius),
_d1845-1926.
245 1 0 _aDescription géologique de l'île d'Ambon,
_cpar R.D.M. Verbeek ...
260 0 _aBatavia,
_bImpr. de l'État,
_c1905.
300 _axxi p., 1 l., 323 p.
_bplates (1 fold.)
_c25 cm.
_eand fold. col. maps, fold. profiles (part col.) in portfolio. 51 x 35 cm.
500 _a"Édition française du Jaarboek van het mijnwezen in Nederlandsch Oost-Indië, tome xxxiv, 1905, partie scientifique."
504 _a"Bibliographie relative à la géologie et la topographie d'Ambon": p. [23]-27.
650 0 _aGeology
_zIndonesia
_zAmbon.
999 _c25427
_d25427